Theatre and drama/ (Record no. 15088)

000 -LEADER
fixed length control field 00599nam a22001937a 4500
008 - FIXED-LENGTH DATA ELEMENTS--GENERAL INFORMATION
fixed length control field 161026b xxu||||| |||| 00| 0 eng d
020 ## - INTERNATIONAL STANDARD BOOK NUMBER
International Standard Book Number 9780844251004
020 ## - INTERNATIONAL STANDARD BOOK NUMBER
International Standard Book Number 0844251003
050 ## - LIBRARY OF CONGRESS CALL NUMBER
Classification number PN 6112 .C37 1975
100 ## - MAIN ENTRY--PERSONAL NAME
Personal name Cassady, Marshall
245 ## - TITLE STATEMENT
Title Theatre and drama/
Statement of responsibility, etc. Marshall Cassady and Pat Cassady
260 ## - PUBLICATION, DISTRIBUTION, ETC. (IMPRINT)
Place of publication, distribution, etc. Illinois:
Name of publisher, distributor, etc. National Textbook Company,
Date of publication, distribution, etc. 1975
300 ## - PHYSICAL DESCRIPTION
Extent 617p. :
Dimensions 20cm.
500 ## - GENERAL NOTE
General note Includes bibliographical references.
650 ## - SUBJECT ADDED ENTRY--TOPICAL TERM
Topical term or geographic name as entry element Drama.
General subdivision Collections.
650 ## - SUBJECT ADDED ENTRY--TOPICAL TERM
Topical term or geographic name as entry element Drama.
700 ## - ADDED ENTRY--PERSONAL NAME
Personal name Cassady, Pat
942 ## - ADDED ENTRY ELEMENTS (KOHA)
Source of classification or shelving scheme
Koha item type Hard Covered Materials
Classification part PN 6112 .C37 1975
Holdings
Withdrawn status Lost status Source of classification or shelving scheme Damaged status Not for loan Home library Current library Shelving location Date acquired Source of acquisition Total Checkouts Full call number Barcode Date last seen Price effective from Koha item type Date last checked out
          MACHAKOS UNIVERSITY LIBRARY MACHAKOS UNIVERSITY LIBRARY Technical section 26/10/2016 Donation (BFA)   PN 6112 .C37 1975 26684 12/07/2018 26/10/2016 Hard Covered Materials  
          MACHAKOS UNIVERSITY LIBRARY MACHAKOS UNIVERSITY LIBRARY Open shelf 26/10/2016 Donation (BFA)   PN 6112 .C37 1975 26685 26/10/2016 26/10/2016 Hard Covered Materials  
          MACHAKOS UNIVERSITY LIBRARY MACHAKOS UNIVERSITY LIBRARY Technical section 26/10/2016 Donation (BFA) 4 PN 6112 .C37 1975 26682 18/10/2022 26/10/2016 Hard Covered Materials 03/10/2022
          MACHAKOS UNIVERSITY LIBRARY MACHAKOS UNIVERSITY LIBRARY Technical section 26/10/2016 Donation (BFA)   PN 6112 .C37 1975 26683 11/07/2018 26/10/2016 Hard Covered Materials  
© Machakos University Library, Along The Highway, Machakos Wote Rd, Machakos, Kenya P.O. Box 136 - 90100 Machakos - Kenya

Tel: ( +254 ) 723 805829 OR Fax : 044-20353 OR Email: library@mksu.ac.ke